000 00836nam a2200265 i 4500
001 C2-0235009
003 PPAK
005 20180727195309.0
008 010825s2000 nyu |||| ||||| | eng d
020 _a0071357130
040 _aPPAK
_beng
_cPPAK
_erda
082 0 4 _a378.73
_223
090 0 0 _a378.73
_bHEL
_dR
100 1 _aHelm, Matthew L.,
_eauthor
245 1 0 _aGet your degree online
264 1 _aNew York :
_bMcGraw-Hill ,
_c2000
300 _av, 439 pages ;
_c23 cm
336 _2rdacontent
_atext
337 _2rdamedia
_aunmediated
338 _2rdacarrier
_avolume
500 _aIncludes indexes
650 1 0 _aUniversities and colleges - United States - Directories ; Degrees, Academic - United States - Directories ; Distance education extension - United States - Directories
700 _eauthor
942 _ddc
_cB
999 _c51174
_d51174